zpět

Detail výsledku týmu

R.A.M., Jablonec nad Nisou

Datum a čas kvízu

24.5 Celkem bodů Celkový počet nahraných bodů na tomto kvízu bez doplňovacích otázek.
18. Pořadí na kvízu Konečné umístění týmu na tomto kvízu.

Zaznamenané odpovědi

# Otázka Odpověď Body Výsledky
1. V sobotu 4. června se po tříle... Neckyáda 1
2. Do Venezuely dorazila bílá lví... z Hodonína 0
3. Nejsledovanější kauza současno... 15 milionů USD 1
4. Dvě velké banky se v České rep... Komerční banka, Moneta 0.5
5. Britský fotbalový fanoušek dos... Alex Fergusson 0
6. V dalším díle této tematické s... arapaima 1
7. Paulinie nápojná je známá hlav... guarana 1
8. Tento pták je druhým největším... harpyje 1
9. S podobně vypadajícím zvířetem... ocelot 1
10. Tato zelenina pochází z Jižní... ačokča 0